Least Used Vancouver SkyTrain Stations - Statistics

General Stats
  • This quiz has been taken 135 times
  • The average score is 13 of 20
Answer Stats
Avg. Weekday Boardings Line Zone Station % Correct
3,650 Millennium 1 VCC-Clark
78%
940 Canada 2 Sea Island Centre
77%
3,230 Expo 2 Sapperton
76%
4,090 Expo 2 Braid
73%
4,030 Millennium 2 Gilmore
72%
3,040 Millennium 1 Rupert
71%
4,330 Millennium 3 Burquitlam
69%
5,020 Expo 2 Patterson
69%
3,220 Canada 2 Templeton
69%
2,950 Millennium 3 Lafarge Lake-Douglas
68%
2,310 Millennium 3 Moody Centre
66%
4,290 Millennium 1 Renfrew
66%
3,260 Millennium 2 Holdom
65%
1.240 Millennium 2 Lake City Way
65%
4,510 Millennium 3 Coquitlam Central
64%
4,330 Canada 2 Aberdeen
62%
2,060 Millennium 3 Inlet Centre
62%
3,990 Millennium 3 Lincoln
62%
2,150 Millennium 2 Sperling-Burnaby Lake
60%
4,690 Canada 2 Lansdowne
51%
No matching quizzes found
Score Distribution
Percent of People with Each Score
Percentile by Number Answered
Your Score History
You have not taken this quiz